1608 1519 1066 1906 1104 1414 1898 1679 1474 1461 1538 1081 1586 1801 1427 1709 1011 1016 1511 1049 1490 1569 1534 1346 1150 1554 1957 1658 1740 1820 1654 1203 1757 1742 1141 1883 1254 1017 1699 1798 1171 1537 1987 1670 1653 1895 1017 1971 1317 1042 1504 1090 1376 1547 1472 1925 1697 1770 1656 1410 1929 1616 1403 1722 1299 1179 1690 1562 1378 1141 1454 1493 1528 1834 1703 1493 1550 1579 1696 1673 1064 1799 1122 1821 1469 1351 1028 1074 1107 1741 1152 1442 1343 1655 1321 1034 1180 1140 1192 BCNSPRNW ULIB Ver.6.0+V

เปลี่ยนเป็นภาษาไทย

Change to English
 แสดงรายละเอียดบรรณานุกรม
  กลับหน้าหลัก

Brief Record : Get Marc (ISO 2709) : E-mail record : QR code < ปิดหน้าต่าง
LEADER : 00000nam 2200000uu 4500
001    13399123189
003     ULIB
008    020711s2553 th a 000 0 tha d
050    HF5549^bส181พ
110    กระทรวงสาธารณสุข^bสถาบันพระบรมราชชนก
245    พัฒนาคน พัฒนางาน พัฒนาบริการให้ยั่งยืน /^cสถาบันพระบรมราชชนก
260    นนทบุรี :^bสถาบันพระบรมราชชนก,^c2553
300    54 หน้า
500     เอกสารประกอบการประชุมวิชาการ สถาบันพระบรมราชชนก ประจำปี 2553 ชีวิตคือการศึกษา การศึกษาคือชีวิต วันที่ 25-26 สิงหาคม 2553 โรงแรมมณเฑียร ริเวอร์ไซด์ กรุงเทพฯ
945    ^p0^l0^i20329
945    ^p0^l0^i20330
รายการนี้ยังไม่มีแท็ก
คุณยังไม่ได้ล็อกอิน คุณสามารถมีกิจกรรมร่วมกับเว็บไซต์ได้ แต่ต้องล็อกอินก่อน ::
  ล็อกอิน

รายการสื่อสารสนเทศ

ลำดับที่ ประเภท เลขเรียก/บาร์โค้ด สถานที่ สถานะ
1. การศึกษาทั่วไป
การศึกษาทั่วไป
HF5549 ส181พ ฉ.1 
  Barcode: 20329
ห้องสมุดวิทยาเขตนครสวรรค์
►หนังสือทั่วไป:l:General Books
บนชั้น
Note: เอกสารประกอบการประชุมวิชาการ สถาบันพระบรมราชชนก ประจำปี 2553 ชีวิตคือการศึกษา การศึกษาคือชีวิต วันที่ 25-26 สิงหาคม 2553 โรงแรมมณเฑียร ริเวอร์ไซด์ กรุงเทพฯ
2. การศึกษาทั่วไป
การศึกษาทั่วไป
HF5549 ส181พ ฉ.2 
  Barcode: 20330
ห้องสมุดวิทยาเขตนครสวรรค์
►หนังสือทั่วไป:l:General Books
บนชั้น
Note: เอกสารประกอบการประชุมวิชาการ สถาบันพระบรมราชชนก ประจำปี 2553 ชีวิตคือการศึกษา การศึกษาคือชีวิต วันที่ 25-26 สิงหาคม 2553 โรงแรมมณเฑียร ริเวอร์ไซด์ กรุงเทพฯ

BibComment


ยังไม่เคยถูกคอมเมนท์

คอมเมนท์ทรัพยากรรายการนี้
  คอมเมนท์: พัฒนาคน พัฒนางาน ..


 Copyright 2026. Bcnsprnw @Library